[Event "IND-ch (Women) 48th"]
[Site "Hatkanangale"]
[Date "2023.01.04"]
[Round "10"]
[White "Nivedita, VC."]
[Black "Aparajita, Gochhikar"]
[Result "1/2-1/2"]
[WhiteElo "1531"]
[BlackElo "1739"]
[PlyCount "119"]
[EventDate "2022.12.26"]
[EventType "swiss"]
[EventRounds "11"]
[EventCountry "IND"]
[SourceTitle "CBM 212 Extra"]
[Source "ChessBase"]
[SourceDate "2023.03.31"]
[SourceVersion "1"]
[SourceVersionDate "2023.03.31"]
[SourceQuality "1"]

1. d4 c6 2. c4 d5 3. Nc3 Nf6 4. Nf3 e6 5. Bg5 Be7 6. e3 0-0 7. Bd3 dxc4 8. Bxc4 b5 9. Bd3 Nbd7 10. 0-0 Bb7 11. a3 a6 12. b4 a5 13. Qb3 axb4 14. axb4 Nb6 15. e4 h6 16. Bxf6 Bxf6 17. e5 Be7 18. Ne4 Qd5 19. Qb2 Nc4 20. Qc3 Nb6 21. Qd2 Rfd8 22. g4 Na4 23. Ra3 Kf8 24. g5 hxg5 25. Nfxg5 Qxd4 26. Qe2 Qxe5 27. Qh5 Bxg5 28. Nxg5 Qf4 29. Bg6 Rd5 30. Rg3 Ke7 31. Bxf7 Rxg5 32. Rxg5 Qxf7 33. Qg4 Rg8 34. Qg3 Bc8 35. Rd1 Bd7 36. Rg4 Nb6 37. Qd6+ Ke8 38. Qb8+ Nc8 39. Rgd4 g5 40. Rxd7 Qxd7 41. Rxd7 Kxd7 42. Qb7+ Kd6 43. Qf7 Ne7 44. Kg2 Ra8 45. Qg7 Ra4 46. Qxg5 Rxb4 47. h4 Nf5 48. h5 Rh4 49. Qd8+ Kc5 50. Qe8 Kd5 51. Qd7+ Nd6 52. Qh7 Nf5 53. f4 Rxf4 54. h6 Nxh6 55. Qxh6 e5 56. Qh3 c5 57. Qd3+ Kc6 58. Qg6+ Kd5 59. Qd3+ Kc6 60. Qg6+ 1/2-1/2

[Event "IND-ch (Women) 48th"]
[Site "Hatkanangale"]
[Date "2023.01.03"]
[Round "9"]
[White "Aparajita, Gochhikar"]
[Black "Mrudul, Dehankar"]
[Result "0-1"]
[WhiteElo "1739"]
[BlackElo "2126"]
[PlyCount "72"]
[EventDate "2022.12.26"]
[EventType "swiss"]
[EventRounds "11"]
[EventCountry "IND"]
[SourceTitle "CBM 212 Extra"]
[Source "ChessBase"]
[SourceDate "2023.03.31"]
[SourceVersion "1"]
[SourceVersionDate "2023.03.31"]
[SourceQuality "1"]

1. e4 c6 2. d4 d5 3. e5 Bf5 4. Bd3 Bxd3 5. Qxd3 Qa5+ 6. c3 e6 7. f4 Qa6 8. Qd1 Ne7 9. Ne2 h5 10. Nd2 Nf5 11. Nf3 h4 12. Rg1 c5 13. g4 hxg3 14. Nxg3 Nh4 15. Nxh4 Rxh4 16. Rg2 Nc6 17. dxc5 Bxc5 18. b4 Be7 19. Qe2 Qxe2+ 20. Nxe2 g6 21. Be3 Bd8 22. a4 Bb6 23. Bd2 a5 24. Ra2 Kd7 25. b5 Ne7 26. Ng3 Rah8 27. Nf1 Nf5 28. Ke2 Rh3 29. Be1 Rc8 30. Bd2 Rc4 31. Ng3 Nh4 32. Kf1 Nxg2 33. Kxg2 Rh4 34. Ne2 Rh8 35. Kf3 Rxh2 36. Ng3 Rf2+ 0-1

[Event "IND-ch (Women) 48th"]
[Site "Hatkanangale"]
[Date "2022.12.30"]
[Round "5"]
[White "Patil, Disha"]
[Black "Aparajita, Gochhikar"]
[Result "1/2-1/2"]
[WhiteElo "1447"]
[BlackElo "1739"]
[PlyCount "61"]
[EventDate "2022.12.26"]
[EventType "swiss"]
[EventRounds "11"]
[EventCountry "IND"]
[SourceTitle "CBM 212 Extra"]
[Source "ChessBase"]
[SourceDate "2023.03.31"]
[SourceVersion "1"]
[SourceVersionDate "2023.03.31"]
[SourceQuality "1"]

1. e4 c6 2. d4 d6 3. Nf3 g6 4. Bc4 Bg7 5. h3 Nf6 6. Qe2 0-0 7. 0-0 d5 8. exd5 cxd5 9. Bd3 Nc6 10. c3 a6 11. Bf4 Nd7 12. Bg3 Kh8 13. Kh1 f5 14. Ng5 Nf6 15. f4 Ne4 16. Bh2 e5 17. dxe5 Nxe5 18. Nxh7 Kxh7 19. fxe5 Re8 20. Bxe4 dxe4 21. Nd2 Bxe5 22. Bxe5 Rxe5 23. Nf3 Rd5 24. Nd4 Qh4 25. Qc4 Qd8 26. Qe2 Qh4 27. Qc4 Qd8 28. Qe2 Qh4 29. Qc4 Qd8 30. Qe2 Qh4 31. Qc4 1/2-1/2

[Event "IND-ch Challengers (Women) 43rd"]
[Site "Chennai"]
[Date "2016.06.25"]
[Round "11"]
[White "Singh, Neha"]
[Black "Aparajita, Gochhikar"]
[Result "1/2-1/2"]
[WhiteElo "1968"]
[BlackElo "1808"]
[PlyCount "28"]
[EventDate "2016.06.17"]
[EventType "swiss"]
[EventRounds "11"]
[EventCountry "IND"]
[SourceTitle "CBM 173 Extra"]
[Source "ChessBase"]
[SourceDate "2016.08.29"]
[SourceVersion "1"]
[SourceVersionDate "2016.08.29"]
[SourceQuality "1"]

1. e4 d6 2. d4 Nf6 3. Bd3 e5 4. c3 Be7 5. Ne2 Nbd7 6. 0-0 0-0 7. Nd2 Re8 8. f4 Bf8 9. Ng3 exf4 10. Rxf4 g6 11. Rb1 Bg7 12. Nf3 h6 13. Bd2 Nb8 14. Qc2 Nbd7 1/2-1/2

[Event "IND-ch U25 Girls 5th"]
[Site "Bhubaneswar"]
[Date "2015.12.14"]
[Round "7"]
[White "Mohota, Nisha"]
[Black "Aparajita, Gochhikar"]
[Result "1/2-1/2"]
[WhiteElo "2255"]
[BlackElo "1769"]
[PlyCount "52"]
[EventDate "2015.12.10"]
[EventType "swiss"]
[EventRounds "8"]
[EventCountry "IND"]
[SourceTitle "CBM 169 Extra"]
[Source "ChessBase"]
[SourceDate "2015.12.18"]
[SourceVersion "1"]
[SourceVersionDate "2015.12.18"]
[SourceQuality "1"]

1. e4 d6 2. d4 e5 3. Nf3 Nd7 4. Nc3 Ngf6 5. Bc4 Be7 6. a4 0-0 7. a5 h6 8. 0-0 Re8 9. Re1 Bf8 10. d5 c6 11. b3 cxd5 12. exd5 Nh7 13. a6 bxa6 14. Bxa6 Bxa6 15. Rxa6 Nb6 16. Nb5 e4 17. Nfd4 Qc8 18. Rxa7 Rxa7 19. Nxa7 Qc5 20. Nab5 Nxd5 21. Ba3 Qb6 22. c4 Nf4 23. Qg4 Nd3 24. Re3 Nf6 25. Qd1 d5 26. Bxf8 Rxf8 1/2-1/2

[Event "World Amateur-ch (Women)"]
[Site "Chalkidiki"]
[Date "2015.04.19"]
[Round "7"]
[White "Sandhya, Goli"]
[Black "Aparajita, Gochhikar"]
[Result "1-0"]
[WhiteElo "1701"]
[BlackElo "1800"]
[PlyCount "69"]
[EventDate "2015.04.14"]
[EventType "team-swiss"]
[EventRounds "9"]
[EventCountry "GRE"]
[SourceTitle "CBM 166 Extra"]
[Source "ChessBase"]
[SourceDate "2015.06.18"]
[SourceVersion "1"]
[SourceVersionDate "2015.06.18"]
[SourceQuality "1"]

1. d4 d5 2. Nf3 Nf6 3. e3 e6 4. Bd3 Nbd7 5. b3 c5 6. Bb2 b6 7. Nbd2 Bb7 8. 0-0 Be7 9. c4 0-0 10. Rc1 Ne4 11. cxd5 exd5 12. Ne5 Bd6 13. Nxd7 Qxd7 14. dxc5 Nxc5 15. Bb1 Ba6 16. Nf3 Bxf1 17. Qd4 f6 18. Rxf1 Rf7 19. Rd1 Rd8 20. g3 Bc7 21. Qh4 g5 22. Qh5 Ne6 23. Bf5 Qe8 24. Qh6 Qf8 25. Qh3 Nc5 26. Nd4 Qe8 27. Ne6 Rd6 28. Nd4 Rd8 29. b4 Na4 30. Ba1 Bd6 31. a3 Re7 32. Ne6 Rb8 33. Bxf6 Rf7 34. Qh6 Rxf6 35. Qg7# 1-0

[Event "World Amateur-ch (Women)"]
[Site "Chalkidiki"]
[Date "2015.04.16"]
[Round "4"]
[White "Aparajita, Gochhikar"]
[Black "Reis, Virginia Lagrange M"]
[Result "1/2-1/2"]
[WhiteElo "1800"]
[BlackElo "1895"]
[PlyCount "74"]
[EventDate "2015.04.14"]
[EventType "team-swiss"]
[EventRounds "9"]
[EventCountry "GRE"]
[SourceTitle "CBM 166 Extra"]
[Source "ChessBase"]
[SourceDate "2015.06.18"]
[SourceVersion "1"]
[SourceVersionDate "2015.06.18"]
[SourceQuality "1"]

1. e4 c5 2. c3 d5 3. exd5 Qxd5 4. d4 Nf6 5. Nf3 e6 6. Na3 a6 7. Nc4 Qd8 8. a4 Nc6 9. a5 Nd5 10. Be2 Be7 11. 0-0 0-0 12. dxc5 Bxc5 13. Qc2 b5 14. axb6 Nxb6 15. Ng5 g6 16. Nxb6 Qxb6 17. b4 Be7 18. b5 Nb8 19. Be3 Bc5 20. Qe4 Bxe3 21. fxe3 Bb7 22. Qf4 Nd7 23. Nxf7 axb5 24. Rxa8 Bxa8 25. Nh6+ Kg7 26. Qg5 Rxf1+ 27. Kxf1 Qd6 28. Bxb5 Qd1+ 29. Kf2 Qd2+ 30. Kf1 Qd1+ 31. Kf2 Qd2+ 32. Kf1 Qxc3 33. Bxd7 Qc1+ 34. Ke2 Qc2+ 35. Ke1 Qc3+ 36. Ke2 Qc2+ 37. Ke1 Qc3+ 1/2-1/2

[Event "Commonwealth-ch RSA op"]
[Site "Gauteng"]
[Date "2011.07.01"]
[Round "9"]
[White "Jansen van Rensburg, Monica"]
[Black "Aparajita, Gochhikar"]
[Result "1/2-1/2"]
[WhiteElo "1699"]
[BlackElo "1915"]
[PlyCount "49"]
[EventDate "2011.06.25"]
[EventType "swiss"]
[EventRounds "11"]
[EventCountry "RSA"]
[SourceTitle "CBM 143 Extra"]
[Source "ChessBase"]
[SourceDate "2011.08.29"]
[SourceVersion "1"]
[SourceVersionDate "2011.08.29"]
[SourceQuality "1"]

1. e4 d6 2. d4 Nf6 3. Nc3 g6 4. f3 c6 5. Be3 Nbd7 6. Nge2 b5 7. Qd2 Bb7 8. Ng3 a6 9. h4 h5 10. Be2 e5 11. d5 cxd5 12. Nxd5 Nxd5 13. exd5 Be7 14. Bg5 Nb6 15. Bxe7 Qxe7 16. Ne4 Bxd5 17. Qb4 Bxe4 18. Qxe4 d5 19. Qe3 d4 20. Qb3 Rc8 21. a4 Nxa4 22. Bxb5+ axb5 23. Qxb5+ Kf8 24. Qxa4 e4 25. 0-0 1/2-1/2

[Event "Commonwealth-ch RSA op"]
[Site "Gauteng"]
[Date "2011.06.24"]
[Round "7"]
[White "Klaver, Cornelis"]
[Black "Aparajita, Gochhikar"]
[Result "1/2-1/2"]
[WhiteElo "2126"]
[BlackElo "1915"]
[PlyCount "39"]
[EventDate "2011.06.25"]
[EventType "swiss"]
[EventRounds "11"]
[EventCountry "RSA"]
[SourceTitle "CBM 143 Extra"]
[Source "ChessBase"]
[SourceDate "2011.08.29"]
[SourceVersion "1"]
[SourceVersionDate "2011.08.29"]
[SourceQuality "1"]

1. d4 d5 2. c4 c6 3. Nc3 Nf6 4. Nf3 e6 5. Bg5 h6 6. Bxf6 Qxf6 7. e4 dxc4 8. a4 Bb4 9. Bxc4 0-0 10. 0-0 Bxc3 11. bxc3 Nd7 12. e5 Qe7 13. Qe2 c5 14. Qe4 Rd8 15. a5 Rb8 16. Rfb1 Nf8 17. Rb5 cxd4 18. cxd4 b6 19. axb6 axb6 20. Rxb6 1/2-1/2

[Event "IND-ch (Women) 37th"]
[Site "Bhubaneswar"]
[Date "2011.01.05"]
[Round "11"]
[White "Aparajita, Gochhikar"]
[Black "Swati, Ghate"]
[Result "0-1"]
[WhiteElo "1871"]
[BlackElo "2302"]
[PlyCount "88"]
[EventDate "2010.12.25"]
[EventType "swiss"]
[EventRounds "11"]
[EventCountry "IND"]
[SourceTitle "CBM 140 Extra"]
[Source "ChessBase"]
[SourceDate "2011.03.01"]
[SourceVersion "1"]
[SourceVersionDate "2011.03.01"]
[SourceQuality "1"]

1. e4 e5 2. Nf3 Nc6 3. Bc4 Bc5 4. c3 Nf6 5. d3 d6 6. 0-0 Bb6 7. Bb3 Ne7 8. Nbd2 c6 9. d4 Ng6 10. dxe5 dxe5 11. Qc2 0-0 12. Nc4 Bc7 13. Rd1 Qe7 14. a4 Bg4 15. Qe2 Nh5 16. h3 Nhf4 17. Bxf4 Nxf4 18. Qe3 Bh5 19. a5 b5 20. axb6 axb6 21. Kh2 b5 22. Ncd2 Bd6 23. Bc2 Bc5 24. Qe1 Qf6 25. g4 Bxg4 26. hxg4 Qh6+ 27. Kg1 Qh3 28. Qf1 Qxg4+ 29. Kh1 Nh3 30. Nh2 Nxf2+ 31. Qxf2 Qxd1+ 32. Rxd1 Bxf2 33. Ng4 Bg3 34. Nf3 f6 35. Rd6 Rac8 36. Bb3+ Kh8 37. Ne3 Bf4 38. Nf5 Rc7 39. Kg2 g6 40. Ng3 Bc1 41. Be6 Bxb2 42. Rd7 Rxd7 43. Bxd7 c5 44. Bxb5 Bxc3 0-1

[Event "IND-ch (Women) 37th"]
[Site "Bhubaneswar"]
[Date "2011.01.01"]
[Round "7"]
[White "Shweta, Gole"]
[Black "Aparajita, Gochhikar"]
[Result "0-1"]
[WhiteElo "1906"]
[BlackElo "1871"]
[PlyCount "80"]
[EventDate "2010.12.25"]
[EventType "swiss"]
[EventRounds "11"]
[EventCountry "IND"]
[SourceTitle "CBM 140 Extra"]
[Source "ChessBase"]
[SourceDate "2011.03.01"]
[SourceVersion "1"]
[SourceVersionDate "2011.03.01"]
[SourceQuality "1"]

1. d4 Nf6 2. c4 c6 3. Nc3 d5 4. cxd5 cxd5 5. Nf3 e6 6. Bg5 Be7 7. e3 Nc6 8. Rc1 0-0 9. Bd3 b6 10. 0-0 Bb7 11. a3 Na5 12. Ne5 Rc8 13. f4 a6 14. Rf3 Ne4 15. Bxe7 Qxe7 16. Rh3 f6 17. Ng4 b5 18. Qe1 f5 19. Ne5 Nc4 20. Bxc4 dxc4 21. Qe2 Nf6 22. Rg3 Rc7 23. a4 Ne4 24. Rh3 Qe8 25. axb5 axb5 26. Nb1 Bd5 27. Qe1 Qe7 28. Na3 Rb8 29. Qe2 Ra7 30. Qh5 Nf6 31. Qe2 c3 32. Nxb5 cxb2 33. Qxb2 Ra2 34. Qb1 Rxg2+ 35. Kf1 Qb7 36. e4 Bxe4 37. Nd3 Rd2 38. Qb3 Bxd3+ 39. Rxd3 Qg2+ 40. Ke1 Qf2# 0-1

[Event "IND-ch (Women) 37th"]
[Site "Bhubaneswar"]
[Date "2010.12.25"]
[Round "1"]
[White "Pujari, Rucha"]
[Black "Aparajita, Gochhikar"]
[Result "1-0"]
[WhiteElo "2114"]
[BlackElo "1871"]
[PlyCount "69"]
[EventDate "2010.12.25"]
[EventType "swiss"]
[EventRounds "11"]
[EventCountry "IND"]
[SourceTitle "CBM 140 Extra"]
[Source "ChessBase"]
[SourceDate "2011.03.01"]
[SourceVersion "1"]
[SourceVersionDate "2011.03.01"]
[SourceQuality "1"]

1. d4 Nf6 2. Nf3 c6 3. g3 d5 4. Bg2 Bg4 5. Ne5 Bf5 6. 0-0 Nbd7 7. c4 e6 8. cxd5 exd5 9. Qb3 Qb6 10. Qe3 Be7 11. b3 Qc7 12. Bb2 Nxe5 13. dxe5 Ng4 14. Qc3 0-0-0 15. Nd2 d4 16. Qf3 Be6 17. Nc4 Nxe5 18. Nxe5 Qxe5 19. e3 Bc5 20. Rac1 h5 21. b4 Bb6 22. exd4 Bxd4 23. Rfe1 Qb5 24. a4 Qxa4 25. Bxd4 Rxd4 26. Ra1 Qxb4 27. Rec1 Rc4 28. Rcb1 Qc5 29. Bf1 Rc3 30. Qf4 Rd8 31. Ba6 bxa6 32. Rb8+ Kd7 33. Rd1+ Bd5 34. Qxf7+ Qe7 35. Rb7+ 1-0

[Event "IND-chB (Women)"]
[Site "Shilpgram"]
[Date "2010.08.27"]
[Round "10"]
[White "Aparajita, Gochhikar"]
[Black "Swati, Mohota"]
[Result "1/2-1/2"]
[WhiteElo "1896"]
[BlackElo "2112"]
[PlyCount "33"]
[EventDate "2010.08.20"]
[EventType "swiss"]
[EventRounds "11"]
[EventCountry "IND"]
[SourceTitle "CBM 138 Extra"]
[Source "ChessBase"]
[SourceDate "2010.10.29"]
[SourceVersion "1"]
[SourceVersionDate "2010.10.29"]
[SourceQuality "1"]

1. e4 d5 2. exd5 Qxd5 3. Nc3 Qd6 4. d4 Nf6 5. Nf3 c6 6. Ne5 Nbd7 7. Nc4 Qc7 8. a4 Nb6 9. Ne5 Be6 10. Bf4 Nbd5 11. Nxd5 Nxd5 12. Bg3 Qd8 13. Be2 g6 14. 0-0 Bg7 15. c4 Nc7 16. Qb3 Qc8 17. Bf3 1/2-1/2

[Event "IND-ch U17 Girls 20th"]
[Site "Chakradharpur"]
[Date "2009.10.08"]
[Round "2"]
[White "Aparajita, Gochhikar"]
[Black "Saranya, J."]
[Result "0-1"]
[WhiteElo "1861"]
[BlackElo "2132"]
[PlyCount "98"]
[EventDate "2009.10.07"]
[EventType "swiss"]
[EventRounds "11"]
[EventCountry "IND"]
[SourceTitle "CBM 132 Extra"]
[Source "ChessBase"]
[SourceDate "2009.11.03"]
[SourceVersion "1"]
[SourceVersionDate "2009.11.03"]
[SourceQuality "1"]

1. e4 c5 2. c3 e6 3. d4 d5 4. e5 Nc6 5. Be3 Nge7 6. Nf3 g6 7. dxc5 Nf5 8. Bd4 Bg7 9. Bd3 Qc7 10. Qe2 0-0 11. 0-0 Bd7 12. Na3 a6 13. Nc2 Rae8 14. b4 Bh8 15. a4 f6 16. Rfe1 Nh6 17. b5 axb5 18. axb5 Nxe5 19. Nxe5 fxe5 20. Bxe5 Bxe5 21. Qxe5 Qxc5 22. Qd4 Qd6 23. f3 e5 24. Qb4 Qb6+ 25. Kh1 Rf4 26. Qb3 Qd6 27. Ra7 b6 28. Nb4 Be6 29. Qc2 Nf5 30. Nc6 Bd7 31. g3 Rxf3 32. Rxd7 Qxd7 33. Nxe5 Qe6 34. Nxf3 Qxe1+ 35. Nxe1 Rxe1+ 36. Kg2 Ne3+ 37. Kf2 Nxc2 38. Bxc2 Rc1 39. Bb3 Rxc3 40. Bxd5+ Kg7 41. h3 Kf6 42. Kg2 Rc5 43. Bc6 Rxc6 44. bxc6 Ke6 45. Kf3 b5 46. Ke4 Kd6 47. c7 Kxc7 48. Kd4 Kd6 49. h4 h5 0-1

[Event "IND-ch U20 Girls"]
[Site "Chennai"]
[Date "2009.09.28"]
[Round "11"]
[White "Aparajita, Gochhikar"]
[Black "Michelle, Catherina P"]
[Result "1-0"]
[WhiteElo "1861"]
[BlackElo "1892"]
[PlyCount "77"]
[EventDate "2009.09.20"]
[EventType "swiss"]
[EventRounds "11"]
[EventCountry "IND"]
[SourceTitle "CBM 132 Extra"]
[Source "ChessBase"]
[SourceDate "2009.11.03"]
[SourceVersion "1"]
[SourceVersionDate "2009.11.03"]
[SourceQuality "1"]

1. e4 e5 2. Nf3 Nc6 3. Bc4 Bc5 4. c3 Nf6 5. d3 0-0 6. 0-0 d6 7. h3 h6 8. Nbd2 a6 9. Bb3 Ba7 10. Nc4 Be6 11. Ne3 d5 12. Bc2 Qd7 13. Qe2 Rfe8 14. Nh4 b5 15. Qf3 d4 16. Nef5 Bxf5 17. Nxf5 Kh7 18. Nxh6 gxh6 19. Qxf6 Re6 20. Qf5+ Kh8 21. Bxh6 Rd6 22. Qh5 Rg6 23. Bd1 Qe6 24. Bg5+ Kg7 25. Bg4 Qd6 26. Bf5 Rh8 27. Qg4 dxc3 28. Bxg6 fxg6 29. bxc3 b4 30. Rac1 bxc3 31. Rxc3 Nd4 32. Rfc1 Bb6 33. Be3 Nb5 34. Rc6 Qd8 35. Qxg6+ Kf8 36. Rf6+ Ke7 37. Qg7+ Ke8 38. Re6+ Qe7 39. Qxe7# 1-0

[Event "IND-ch U20 Girls"]
[Site "Chennai"]
[Date "2009.09.24"]
[Round "7"]
[White "Aparajita, Gochhikar"]
[Black "Gagare, Shalmali"]
[Result "1/2-1/2"]
[WhiteElo "1861"]
[BlackElo "2165"]
[PlyCount "67"]
[EventDate "2009.09.20"]
[EventType "swiss"]
[EventRounds "11"]
[EventCountry "IND"]
[SourceTitle "CBM 132 Extra"]
[Source "ChessBase"]
[SourceDate "2009.11.03"]
[SourceVersion "1"]
[SourceVersionDate "2009.11.03"]
[SourceQuality "1"]

1. e4 c6 2. d4 d5 3. e5 Bf5 4. Bd3 Bxd3 5. Qxd3 e6 6. Ne2 Qb6 7. c3 Qa6 8. Qxa6 Nxa6 9. 0-0 c5 10. Be3 Rc8 11. Nd2 Ne7 12. dxc5 Nxc5 13. b4 Na4 14. Rac1 Nc6 15. f4 b5 16. a3 g6 17. Nd4 Be7 18. Nxc6 Rxc6 19. Bd4 Kd7 20. Rf3 Rb8 21. Kf2 Bd8 22. Nb3 Bb6 23. Ke2 h5 24. g3 Rbc8 25. h4 Ke7 26. Kd2 Kf8 27. Kd3 Kg7 28. Kd2 g5 29. f5 Nxc3 30. fxe6 f6 31. Ke3 Rb8 32. Ra1 g4 33. Re1 Rf8 34. Kf2 1/2-1/2